Poder, colonización y arquitectura. Región del Pacífico costarricense : 1780-2010 /
Guardado en:
| Andre forfattere: | , , , |
|---|---|
| Format: | Ukendt |
| Sprog: | Spanish |
| Udgivet: |
San José, Costa Rica :
Alquimia,
2000.
|
| Fag: | |
| Tags: |
Tilføj Tag
Ingen Tags, Vær først til at tagge denne postø!
|
MARC
| LEADER | 000000000a22000000004500 | ||
|---|---|---|---|
| 001 | 003739 | ||
| 020 | |a 9789930942215 | ||
| 041 | 0 | |a spa | |
| 082 | 0 | 4 | |a 972.860.5 |b P742p |
| 245 | 1 | 0 | |a Poder, colonización y arquitectura. Región del Pacífico costarricense : |b 1780-2010 / |c Oriester Abarca Hernández, compilador ; Jorge Bartels Villanueva, compilador ; Susan Chen Mok, compilador ; Juan José Marín Hernández, compilador. |
| 260 | 1 | |a San José, Costa Rica : |b Alquimia, |c 2000. | |
| 300 | |a 393 páginas : |b ilustraciones, mapas | ||
| 650 | 4 | |a PODER | |
| 650 | 4 | |a ARQUITECTURA COLONIAL | |
| 650 | 4 | |a ASENTAMIENTOS | |
| 650 | 4 | |a ANALISIS HISTORICO | |
| 650 | 4 | |a COLONIZACION | |
| 650 | 4 | |a DESIGUALDAD SOCIAL | |
| 650 | 4 | |a TRANSNACIONALES | |
| 650 | 4 | |a INFLUENCIA SOCIAL | |
| 700 | 1 | |a Abarca Hernández, Oriester, |e compilador | |
| 700 | 1 | |a Bartels Villanueva, Jorge, |e compilador | |
| 700 | 1 | |a Chen Mok, Susan, |e compilador | |
| 700 | 1 | |a Marín Hernández, Juan José, |e compilador | |
| 999 | |c 10178 |d 10178 | ||
| 942 | |c BK |h 972.860.5 P742p |2 z | ||



